Nature's children : (Record no. 8578)

MARC details
000 -LEADER
fixed length control field 00829nam a22002657a 4500
001 - CONTROL NUMBER
control field 8578
003 - CONTROL NUMBER IDENTIFIER
control field FISKH
005 - DATE AND TIME OF LATEST TRANSACTION
control field 20251001151232.0
008 - FIXED-LENGTH DATA ELEMENTS--GENERAL INFORMATION
fixed length control field 251001b cb ||||| |||| 00| 0 eng d
020 ## - INTERNATIONAL STANDARD BOOK NUMBER
International Standard Book Number 0717266818
040 ## - CATALOGING SOURCE
Original cataloging agency FISKH
Language of cataloging eng
Transcribing agency FISKH
Modifying agency FISKH
050 ## - LIBRARY OF CONGRESS CALL NUMBER
Classification number QL737.R68 S87
082 ## - DEWEY DECIMAL CLASSIFICATION NUMBER
Classification number 599.3232
100 ## - MAIN ENTRY--PERSONAL NAME
Personal name Switzer, Merebeth
Relator term Author
245 ## - TITLE STATEMENT
Title Nature's children :
Remainder of title Chipmunks /
Statement of responsibility, etc. Switzer, Merebeth
250 ## - EDITION STATEMENT
Edition statement This edition published in 1996
260 ## - PUBLICATION, DISTRIBUTION, ETC.
Place of publication, distribution, etc. New York :
Name of publisher, distributor, etc. Scholastic,
Date of publication, distribution, etc. 1985
300 ## - PHYSICAL DESCRIPTION
Extent 47 pages :
Other physical details color illustrations ;
Dimensions 22 cm
490 ## - SERIES STATEMENT
Series statement Getting to know...
520 ## - SUMMARY, ETC.
Summary, etc. Describes the physical characteristics, habits, and habitats of chipmunks and beavers.<br/>
650 ## - SUBJECT ADDED ENTRY--TOPICAL TERM
Topical term or geographic name entry element Animals
Form subdivision Children
650 ## - SUBJECT ADDED ENTRY--TOPICAL TERM
Topical term or geographic name entry element Nature's Children series
Form subdivision Science
942 ## - ADDED ENTRY ELEMENTS (KOHA)
Source of classification or shelving scheme Dewey Decimal Classification
Koha item type Books
Suppress in OPAC No
Holdings
Withdrawn status Lost status Source of classification or shelving scheme Damaged status Not for loan Collection Home library Current library Shelving location Date acquired Total Checkouts Full call number Barcode Date last seen Copy number Price effective from Koha item type
    Dewey Decimal Classification     Non-Fiction Footprints International School Library Network Toul Kork Campus Footprints International School Library Network Toul Kork Campus A TK Campus, 4th Floor, Room B401, Non-Fiction Bookcases(7-8) 10/01/2025   SWI 599.3232 QL737.R68 S87 FISBK00505 10/01/2025 1 10/01/2025 Books